|
|
|
|
| LEADER |
00000nab a2200000 a 4500 |
| 001 |
vtls009957395 |
| 003 |
SK-MaSNL |
| 005 |
20260303210334.0 |
| 008 |
140422c2009 xo |||| | | 000 b|slo |
| 015 |
|
|
|a SNBRB2009109
|2 snkbucl
|
| 038 |
|
|
|a SNKBUCL
|
| 040 |
|
|
|a SNKBUCL
|b slo
|c SNKBUCL
|e AACR2
|
| 041 |
0 |
|
|a slo
|
| 044 |
|
|
|a xo
|c SK
|
| 080 |
|
|
|a 82:061.7
|2 2001
|
| 080 |
|
|
|a 821 (4):061.7
|2 2001
|
| 080 |
|
|
|a 792.079
|2 2001
|
| 080 |
|
|
|a 78.079
|2 2001
|
| 080 |
|
|
|a 821.133.1 (4):061.7
|2 2001
|
| 080 |
|
|
|a 792.071.2
|2 2001
|
| 080 |
|
|
|a 821.162.4-1:061.7
|2 2001
|
| 100 |
1 |
|
|a Polák, Milan,
|d 1932-2022
|4 aut
|9 102381
|
| 245 |
1 |
0 |
|a Hviezdoslav znel aj po francúzsky
|c Milan Polák
|
| 600 |
1 |
7 |
|a Hviezdoslav, Pavol Országh,
|d 1849-1921
|t Krvavé sonety
|2 snkbucl
|9 125487
|
| 611 |
2 |
7 |
|a Cap á l'Est
|n (7. :
|d 2009 :
|c Banská Štiavnica, Slovensko)
|2 snkbucl
|9 1241928
|
| 650 |
0 |
7 |
|a európska literatúra
|x festivaly
|2 snkbucl
|9 1136776
|
| 650 |
0 |
7 |
|a európska hudba
|x festivaly
|2 snkbucl
|9 1136777
|
| 650 |
0 |
7 |
|a hudobné festivaly
|2 snkbucl
|9 2958
|
| 650 |
0 |
7 |
|a divadelné festivaly a prehliadky
|2 snkbucl
|9 3350
|
| 650 |
0 |
7 |
|a literárne festivaly
|2 snkbucl
|9 68768
|
| 651 |
|
7 |
|a Banská Štiavnica (Slovensko)
|2 snkbucl
|9 16373
|
| 773 |
0 |
|
|t Literárny (dvoj)týždenník
|g Roč. XXII, č. 29-30 (2009), s. 4
|x 0862-5999
|
| 852 |
|
|
|a SNK
|b KIS3GCP
|
| 958 |
|
|
|a LX
|
| 958 |
|
|
|a SK
|
| 999 |
|
|
|c 2199837
|d 2201767
|